000 00346nam a22001337a 4500
008 160524b xxu||||| |||| 00| 0 eng d
020 _a9781418020897
020 _a9781418020897
020 _a1418020893
041 _aeng
080 _a618.2
245 _aHealth promontion in nursing:
_cJanice A. Maville; Carolina G. Huerta;
942 _2udc
_cBK
999 _c2421
_d2421